[Event "European Corporate"]
[Site "Asnieres sur Seine"]
[Date "2024.11.22"]
[Round "3.7"]
[White "Ternault, Mathieu"]
[Black "Youssoupov, Moisse"]
[Result "1-0"]
[WhiteElo "2311"]
[BlackElo "2165"]
[PlyCount "80"]
[EventDate "2024.11.22"]
[EventType "team-swiss"]
[EventRounds "9"]
[EventCountry "FRA"]
[SourceTitle "CB48_2024"]
[SourceDate "2024.11.28"]
[SourceVersion "1"]
[SourceVersionDate "2024.11.28"]
[SourceQuality "1"]
[WhiteTeam "Chateau Montaiguillon"]
[BlackTeam "A L Abri"]
[WhiteTeamCountry "FRA"]
[BlackTeamCountry "FRA"]

1. d4 d6 2. Nf3 Nf6 3. c4 g6 4. Nc3 Bf5 5. Qb3 b6 6. h4 Nc6 7. d5 Na5 8. Qd1 Bg7 9. Nd4 Bd7 10. e4 e5 11. dxe6 fxe6 12. Be2 0-0 13. Be3 e5 14. Nc2 Be6 15. b3 Nc6 16. h5 gxh5 17. Bxh5 Qd7 18. Be2 Qf7 19. Qd3 Ng4 20. Bxg4 Bxg4 21. f3 Be6 22. Nd5 a5 23. a4 Rad8 24. 0-0-0 Nb8 25. Rh4 Bxd5 26. cxd5 Nd7 27. Rdh1 Nf6 28. Bg5 Rd7 29. Ne3 Qg6 30. Bxf6 Bxf6 31. Rg4 Bg5 32. Kb2 h5 33. Rg3 Rg7 34. Nf5 Rxf5 35. exf5 Qf6 36. Qe4 h4 37. Rg4 Kf7 38. Ka2 Ke7 39. f4 Bh6 40. fxe5 Ke8 1-0

[Event "Liffre op"]
[Site "Liffre"]
[Date "2023.10.21"]
[Round "1"]
[White "Bon, Michael"]
[Black "Youssoupov, Moisse"]
[Result "1/2-1/2"]
[WhiteElo "2375"]
[BlackElo "2186"]
[PlyCount "134"]
[EventDate "2023.10.21"]
[EventType "swiss"]
[EventRounds "9"]
[EventCountry "FRA"]
[SourceTitle "EXT 2025"]
[Source "ChessBase"]
[SourceDate "2024.10.14"]
[SourceVersion "1"]
[SourceVersionDate "2024.10.14"]
[SourceQuality "1"]

1. e4 d5 2. exd5 Qxd5 3. d4 g6 4. Nf3 Bg7 5. Be2 Qd8 6. 0-0 Nh6 7. c3 Nf5 8. Bf4 Nd7 9. Bd3 Nf6 10. Re1 0-0 11. Na3 Nd5 12. Bg5 Bf6 13. Qd2 a5 14. Re2 Ng7 15. Bh6 Re8 16. Rae1 c6 17. Ne5 Nf5 18. Ng4 Nxh6 19. Nxf6+ Nxf6 20. Qxh6 b5 21. h3 Qd6 22. Nb1 Nh5 23. Re5 Ng7 24. Nd2 f6 25. Ne4 Qd8 26. Bc2 a4 27. Rc5 Be6 28. Rxc6 Bxa2 29. Ng5 fxg5 30. Bxg6 Qd5 31. Bxh7+ Kf8 32. Rg6 Qf7 33. Re5 Bb1 34. Rexg5 Bxg6 35. Bxg6 Ra6 36. Bxf7 Rxh6 37. Bxe8 Nxe8 38. Rxb5 Ra6 39. g4 Nc7 40. Rc5 Ne6 41. Rf5+ Kg7 42. Re5 Kf7 43. Rb5 Nf4 44. Kh2 Nd3 45. Kg3 Re6 46. b3 axb3 47. Rxb3 Rf6 48. f3 Nc1 49. Rb2 Rc6 50. Rc2 Rxc3 51. Rxc3 Ne2+ 52. Kf2 Nxc3 53. Ke3 Kf6 54. f4 Nd5+ 55. Kf3 e6 56. h4 Nb4 57. h5 Nd5 58. Ke4 Nc3+ 59. Ke3 Nb5 60. g5+ Kf5 61. h6 Nd6 62. d5 exd5 63. Kd4 Nf7 64. h7 Nh8 65. Kxd5 Kxf4 66. g6 Nxg6 67. h8N Nxh8 1/2-1/2

[Event "Juvisy sur Orge 4th"]
[Site "Juvisy sur Orge"]
[Date "2022.07.27"]
[Round "5"]
[White "Bonte, Andrei Mihai"]
[Black "Youssoupov, Moisse"]
[Result "1-0"]
[WhiteElo "2329"]
[BlackElo "2321"]
[PlyCount "81"]
[EventDate "2022.07.23"]
[EventType "tourn"]
[EventRounds "9"]
[EventCountry "FRA"]
[EventCategory "5"]
[SourceTitle "CBM 209 Extra"]
[Source "ChessBase"]
[SourceDate "2022.09.30"]
[SourceVersion "1"]
[SourceVersionDate "2022.09.30"]
[SourceQuality "1"]

1. d4 g6 2. e4 d5 3. exd5 Qxd5 4. Nc3 Qd8 5. Nf3 Bg7 6. Bc4 Nh6 7. Bf4 Nf5 8. Be5 0-0 9. Bxg7 Kxg7 10. Qd2 c6 11. 0-0 Nd7 12. Rfe1 b5 13. Bf1 Nf6 14. a4 b4 15. Ne4 Nxe4 16. Rxe4 a5 17. Rae1 Ra7 18. Ne5 Rc7 19. c4 c5 20. d5 e6 21. Rd1 Bb7 22. Nf3 Rd7 23. Re5 Qf6 24. Qf4 Nd4 25. Rxd4 cxd4 26. Qxd4 exd5 27. c5 Rc7 28. Bb5 Rfc8 29. g4 h6 30. h4 Kh7 31. Kg2 Qg7 32. g5 f6 33. Re6 f5 34. Ne5 Re7 35. Rxe7 Qxe7 36. c6 Ba8 37. f4 hxg5 38. hxg5 Qd6 39. Nd7 Rxc6 40. Nf6+ Kg7 41. Ne8+ 1-0

[Event "Biel HTO 53rd"]
[Site "Biel"]
[Date "2020.07.29"]
[Round "9"]
[White "Youssoupov, Moisse"]
[Black "Gschnitzer, Adrian"]
[Result "0-1"]
[WhiteElo "2333"]
[BlackElo "2404"]
[PlyCount "76"]
[EventDate "2020.07.20"]
[EventType "swiss"]
[EventRounds "9"]
[EventCountry "SUI"]
[SourceTitle "CBM 197"]
[Source "ChessBase"]
[SourceDate "2020.08.31"]
[SourceVersion "1"]
[SourceVersionDate "2020.08.31"]
[SourceQuality "1"]

1. c4 c5 2. g3 Nf6 3. Bg2 d5 4. cxd5 Nxd5 5. Nc3 Nc7 6. d3 e5 7. Nf3 Nc6 8. Nd2 Be7 9. Bxc6+ bxc6 10. Qa4 Bd7 11. Nc4 f6 12. Ne4 0-0 13. f4 exf4 14. Bxf4 Ne6 15. Be3 f5 16. Ned2 f4 17. gxf4 Nxf4 18. Bxf4 Rxf4 19. 0-0-0 Qc7 20. Rhf1 Raf8 21. Rxf4 Rxf4 22. Rf1 Bg5 23. Kc2 h5 24. Rxf4 Bxf4 25. h4 Bg4 26. e3 Bg3 27. Ne4 Bxh4 28. Ncd6 Be6 29. Qa3 Be7 30. Nc4 h4 31. Qc3 h3 32. Qe1 Bxc4 33. dxc4 Qh2+ 34. Kd3 Qxb2 35. Nd2 Bd8 36. Qf1 Ba5 37. Nb3 Qg2 38. Qf5 h2 0-1

[Event "Biel HTO 53rd"]
[Site "Biel"]
[Date "2020.07.26"]
[Round "6"]
[White "Mathieu, Phileas"]
[Black "Youssoupov, Moisse"]
[Result "1-0"]
[WhiteElo "2214"]
[BlackElo "2333"]
[PlyCount "105"]
[EventDate "2020.07.20"]
[EventType "swiss"]
[EventRounds "9"]
[EventCountry "SUI"]
[SourceTitle "CBM 197"]
[Source "ChessBase"]
[SourceDate "2020.08.31"]
[SourceVersion "1"]
[SourceVersionDate "2020.08.31"]
[SourceQuality "1"]

1. e4 d5 2. exd5 Qxd5 3. Nf3 g6 4. d4 Bg7 5. Be2 Qd8 6. 0-0 Nh6 7. Bf4 Nf5 8. c3 0-0 9. Nbd2 Nd7 10. Re1 c5 11. Nb3 cxd4 12. Nfxd4 Nxd4 13. cxd4 Nf6 14. Bf3 e6 15. Be5 Nd5 16. Qe2 a5 17. Rac1 a4 18. Nc5 Bh6 19. Rcd1 b6 20. Ne4 Ba6 21. Qc2 f6 22. Nxf6+ Nxf6 23. Bxa8 Qxa8 24. Bxf6 Rxf6 25. d5 exd5 26. Qxa4 Bf8 27. Re8 Qb7 28. Rd8 Be2 29. R1xd5 Qc7 30. Qb3 Bc4 31. Qc3 Qf4 32. Rd2 Bxa2 33. g3 Qf5 34. b3 Rf7 35. Qb2 Bb1 36. R8d5 Qe4 37. Re5 Qb4 38. Rd4 Qa3 39. Qxb1 Bc5 40. Re8+ Kg7 41. Rd2 Qb4 42. Qb2+ Kh6 43. Rde2 Rf3 44. Qc1+ Kg7 45. Qc4 Qxc4 46. bxc4 Rc3 47. R8e4 g5 48. Kg2 h5 49. h4 g4 50. Ra2 Kg6 51. Rd2 Kf5 52. Rf4+ Kg6 53. Rd5 1-0

[Event "Riscle-A"]
[Site "Riscle"]
[Date "2018.08.10"]
[Round "6"]
[White "Youssoupov, Moisse"]
[Black "Ringuet, Noe"]
[Result "1-0"]
[WhiteElo "2235"]
[BlackElo "2212"]
[PlyCount "67"]
[EventDate "2018.08.06"]
[EventType "tourn"]
[EventRounds "7"]
[EventCountry "FRA"]
[SourceTitle "EXT 2020"]
[Source "ChessBase"]
[SourceDate "2019.10.17"]
[SourceVersion "1"]
[SourceVersionDate "2019.10.17"]
[SourceQuality "1"]

1. d4 Nf6 2. Bf4 g6 3. e3 Bg7 4. Nf3 0-0 5. Be2 d6 6. 0-0 b6 7. c4 Bb7 8. Nc3 Nh5 9. Bg5 h6 10. Bh4 Nd7 11. Qc2 g5 12. Bxg5 hxg5 13. Nxg5 Nhf6 14. f4 Re8 15. Bh5 Rf8 16. Rad1 e6 17. d5 Qe7 18. Rf3 a5 19. Rh3 exd5 20. cxd5 Nc5 21. Be2 Bc8 22. Rg3 Bd7 23. e4 Rad8 24. Bd3 Nh5 25. e5 dxe5 26. Bh7+ Kh8 27. Bf5 Nxg3 28. Bxd7 e4 29. hxg3 Qxd7 30. Qe2 Bh6 31. Qh5 Kg7 32. f5 Bxg5 33. Qxg5+ Kh8 34. f6 1-0

[Event "Riscle-A"]
[Site "Riscle"]
[Date "2018.08.09"]
[Round "5"]
[White "Youssoupov, Moisse"]
[Black "Harutyunyan, Axel"]
[Result "1-0"]
[WhiteElo "2235"]
[BlackElo "1993"]
[PlyCount "95"]
[EventDate "2018.08.06"]
[EventType "tourn"]
[EventRounds "7"]
[EventCountry "FRA"]
[SourceTitle "EXT 2020"]
[Source "ChessBase"]
[SourceDate "2019.10.17"]
[SourceVersion "1"]
[SourceVersionDate "2019.10.17"]
[SourceQuality "1"]

1. d4 Nf6 2. Bf4 e6 3. e3 d5 4. Nd2 c5 5. c3 Nc6 6. Ngf3 cxd4 7. exd4 Nh5 8. Bg5 f6 9. Be3 Bd6 10. g3 g6 11. Bd3 Ng7 12. 0-0 e5 13. Bh6 Nf5 14. Bxf5 Bxf5 15. dxe5 fxe5 16. Qb3 Qc7 17. Qxd5 0-0-0 18. Qc4 Qb6 19. b4 Kb8 20. Be3 Qc7 21. Ng5 Qd7 22. Nde4 Bc7 23. Nc5 Qd5 24. Qb5 Bb6 25. c4 Nd4 26. cxd5 Nxb5 27. Nf7 Rhf8 28. Nxd8 Rxd8 29. Rac1 Rxd5 30. Nb3 Nd4 31. Nxd4 exd4 32. Bf4+ Ka8 33. Kg2 h5 34. f3 a5 35. a3 Ka7 36. h3 a4 37. Rfe1 d3 38. Re5 Rxe5 39. Bxe5 d2 40. Rd1 Be3 41. Bf4 Bxf4 42. gxf4 Ka6 43. Rxd2 Kb5 44. Rd4 Kc6 45. Kg3 Kb5 46. Kh4 Kc6 47. Kg5 Bb1 48. b5+ 1-0

[Event "Riscle-A"]
[Site "Riscle"]
[Date "2018.08.07"]
[Round "2"]
[White "Gonzalez Santamartina, Jorge"]
[Black "Youssoupov, Moisse"]
[Result "0-1"]
[WhiteElo "2146"]
[BlackElo "2235"]
[PlyCount "175"]
[EventDate "2018.08.06"]
[EventType "tourn"]
[EventRounds "7"]
[EventCountry "FRA"]
[SourceTitle "EXT 2020"]
[Source "ChessBase"]
[SourceDate "2019.10.17"]
[SourceVersion "1"]
[SourceVersionDate "2019.10.17"]
[SourceQuality "1"]

1. e4 d5 2. exd5 Qxd5 3. Nc3 Qa5 4. Bc4 Nf6 5. d3 Bg4 6. Nge2 e6 7. 0-0 Nbd7 8. f3 Bf5 9. Ng3 Bg6 10. Qe2 c6 11. a3 0-0-0 12. Kh1 Nb6 13. Ba2 Nh5 14. Nge4 Nd5 15. b4 Qc7 16. Qf2 Kb8 17. Ne2 e5 18. Bb2 Nhf4 19. Nxf4 exf4 20. Bd4 b6 21. c4 Ne3 22. Bxe3 fxe3 23. Qxe3 f5 24. Nf2 Bd6 25. Nh3 Rhe8 26. Qf2 Be5 27. Rad1 Bd4 28. Qc2 Re3 29. Rfe1 Rde8 30. Qd2 Qd6 31. Bb1 h6 32. Ng1 Qf6 33. Rxe3 Bxe3 34. Qc2 f4 35. Re1 Qh4 36. Qd1 Re5 37. d4 Rh5 38. Nh3 Bf7 39. Bd3 Be6 40. Bf1 Bxh3 41. gxh3 Qf2 42. Bg2 Qa2 43. Qe2 Qxa3 44. d5 cxd5 45. cxd5 Rxd5 46. Qc4 Qd3 47. Qc6 Rd8 48. Bf1 Qd5 49. Bb5 Qd1 50. Rf1 Qd5 51. Qxd5 Rxd5 52. Bc6 Rd6 53. Be4 b5 54. Rb1 Kc7 55. h4 Rd2 56. Rc1+ Kd8 57. Rb1 Kd7 58. h5 Kd6 59. Rb3 Ke6 60. Bc6 Kf6 61. Bxb5 Kg5 62. Rd3 Rb2 63. Rd5+ Kh4 64. Bf1 Rxb4 65. Rd7 Bd4 66. Rd5 Ra4 67. Rf5 Bf6 68. Bb5 Rb4 69. Bd7 Rd4 70. Bc8 Rc4 71. Be6 Rb4 72. Kg2 Rb2+ 73. Kh1 Bg5 74. Ra5 Rb7 75. Bg4 Bd8 76. Ra1 a5 77. Rd1 Bf6 78. Rd5 a4 79. Ra5 Rb1+ 80. Kg2 Bd4 81. h3 Rg1+ 82. Kh2 Ra1 83. Be6 a3 84. Kg2 Rg1+ 85. Kh2 Re1 86. Bc4 Rc1 87. Bd3 Rd1 88. Bf1 0-1

[Event "Rochefort op-A17th"]
[Site "Rochefort"]
[Date "2018.02.17"]
[Round "5.15"]
[White "Youssoupov, Moisse"]
[Black "Bartakke, Amardeep S"]
[Result "0-1"]
[WhiteElo "2231"]
[BlackElo "2078"]
[PlyCount "60"]
[EventDate "2018.02.17"]
[EventType "swiss"]
[EventRounds "9"]
[EventCountry "FRA"]
[SourceTitle "EXT 2019"]
[Source "ChessBase"]
[SourceDate "2018.10.10"]
[SourceVersion "1"]
[SourceVersionDate "2018.10.10"]
[SourceQuality "1"]

1. d4 c5 2. d5 e5 3. Nc3 d6 4. e4 Be7 5. Be2 Bg5 6. Nf3 Bxc1 7. Qxc1 Ne7 8. Qg5 0-0 9. g3 Na6 10. Nh4 Nc7 11. f4 f6 12. Qh5 exf4 13. gxf4 f5 14. 0-0-0 fxe4 15. Nxe4 Rxf4 16. Bd3 Nf5 17. Nxf5 Rxf5 18. Qe2 Re5 19. Rhg1 Bf5 20. Qg2 g6 21. Ng5 Bxd3 22. Rxd3 Qe7 23. h4 Re8 24. Rdd1 Qf6 25. Kb1 Qf5 26. Rdf1 Nxd5 27. a3 Qd7 28. Rf7 Qb5 29. Nxh7 Re1+ 30. Ka2 Nc3+ 0-1

[Event "FRA-chT Top 12"]
[Site "Chartres"]
[Date "2017.05.22"]
[Round "5.3"]
[White "Youssoupov, Moisse"]
[Black "Palac, Mladen"]
[Result "0-1"]
[WhiteElo "2233"]
[BlackElo "2573"]
[PlyCount "96"]
[EventDate "2017.05.18"]
[EventType "team-tourn"]
[EventRounds "11"]
[EventCountry "FRA"]
[SourceTitle "CBM 178 Extra"]
[Source "ChessBase"]
[SourceDate "2017.06.22"]
[SourceVersion "1"]
[SourceVersionDate "2017.06.22"]
[SourceQuality "1"]
[WhiteTeam "Montpellier"]
[BlackTeam "Nice Alekhine"]
[WhiteTeamCountry "FRA"]
[BlackTeamCountry "FRA"]

1. d4 d5 2. Bf4 c5 3. e3 cxd4 4. exd4 Nc6 5. c3 Bf5 6. Nd2 e6 7. Qb3 Qd7 8. Ngf3 Nge7 9. Ne5 Nxe5 10. Bxe5 Nc6 11. Bg3 h5 12. h4 Bd6 13. Bxd6 Qxd6 14. Be2 0-0-0 15. Qa4 Kb8 16. g3 f6 17. 0-0-0 e5 18. Nb3 Rc8 19. Qb5 e4 20. a3 Ka8 21. Qc5 Qd8 22. Qb5 g6 23. Nc5 b6 24. Na6 Qd6 25. Nb4 Ne7 26. Nc2 a5 27. Ne3 Bd7 28. Qa6+ Kb8 29. Bb5 Be6 30. a4 Rxc3+ 31. bxc3 Bc8 32. Kd2 Bxa6 33. Bxa6 Ka7 34. Bb5 Nf5 35. Nxf5 gxf5 36. Ke3 Rg8 37. Be2 f4+ 38. gxf4 Qa3 39. Rc1 Qb2 40. f5 Rc8 41. c4 dxc4 42. Rhg1 c3 43. Bxh5 Qd2+ 44. Kxe4 Rd8 45. Kf3 Qd3+ 46. Kg2 Qxf5 47. Be2 Rg8+ 48. Kf1 Qh3+ 0-1

[Event "Sitges op 42nd"]
[Site "Sitges"]
[Date "2016.07.29"]
[Round "8"]
[White "Youssoupov, Moisse"]
[Black "Cruz, Cristhian"]
[Result "0-1"]
[WhiteElo "2223"]
[BlackElo "2541"]
[PlyCount "54"]
[EventDate "2016.07.22"]
[EventType "swiss"]
[EventRounds "9"]
[EventCountry "ESP"]
[SourceTitle "EXT 2017"]
[Source "ChessBase"]
[SourceDate "2016.10.25"]
[SourceVersion "1"]
[SourceVersionDate "2016.10.25"]
[SourceQuality "1"]

1. d4 e6 2. Bf4 c5 3. e3 Nf6 4. c3 Be7 5. Nd2 0-0 6. h3 b6 7. Ngf3 Bb7 8. Bd3 cxd4 9. exd4 Nc6 10. 0-0 Re8 11. Re1 Bf8 12. a4 d6 13. Nc4 Qc7 14. Bh2 Rad8 15. Rc1 Ne7 16. Ncd2 Ng6 17. c4 e5 18. Bxg6 hxg6 19. d5 a5 20. Ng5 Bc8 21. Qf3 Be7 22. g4 Rf8 23. Qg3 Nxg4 24. Nde4 Nh6 25. Nf3 Qd7 26. Neg5 Qxa4 27. Re4 Qe8 0-1

[Event "Sitges op 42nd"]
[Site "Sitges"]
[Date "2016.07.23"]
[Round "2"]
[White "Movsziszian, Karen"]
[Black "Youssoupov, Moisse"]
[Result "1-0"]
[WhiteElo "2485"]
[BlackElo "2223"]
[PlyCount "46"]
[EventDate "2016.07.22"]
[EventType "swiss"]
[EventRounds "9"]
[EventCountry "ESP"]
[SourceTitle "EXT 2017"]
[Source "ChessBase"]
[SourceDate "2016.10.25"]
[SourceVersion "1"]
[SourceVersionDate "2016.10.25"]
[SourceQuality "1"]

1. g3 d5 2. Bg2 Nf6 3. f4 g6 4. Nf3 Bg7 5. 0-0 0-0 6. d3 d4 7. c3 c5 8. Bd2 Nc6 9. Na3 Nd5 10. Qe1 Bg4 11. Nc2 Qd7 12. c4 Nc7 13. Ng5 a5 14. h3 h6 15. hxg4 hxg5 16. Bf3 e5 17. f5 gxf5 18. gxf5 Bf6 19. Be4 Ne8 20. Qc1 Qe7 21. Ne1 g4 22. Kg2 Ra6 23. Rh1 Nd6 1-0

[Event "Sitges op 41st"]
[Site "Sitges"]
[Date "2015.07.23"]
[Round "2"]
[White "Youssoupov, Moisse"]
[Black "Harutyunian, Tigran K"]
[Result "1-0"]
[WhiteElo "2251"]
[BlackElo "2472"]
[PlyCount "108"]
[EventDate "2015.07.22"]
[EventType "swiss"]
[EventRounds "9"]
[EventCountry "ESP"]
[SourceTitle "EXT 2016"]
[Source "ChessBase"]
[SourceDate "2015.10.08"]
[SourceVersion "1"]
[SourceVersionDate "2015.10.08"]
[SourceQuality "1"]

1. d4 Nf6 2. Bg5 c5 3. d5 g6 4. Bxf6 exf6 5. Nc3 Bg7 6. e3 0-0 7. Nf3 d6 8. Nd2 Nd7 9. Be2 f5 10. 0-0 Re8 11. a4 Ne5 12. a5 Bd7 13. h3 g5 14. Nb5 Bf8 15. a6 Qb8 16. f4 Ng6 17. fxg5 Rxe3 18. Ra3 Re8 19. axb7 Qxb7 20. Rb3 Qc8 21. Nc4 Bxb5 22. Rxb5 Qd8 23. Bd3 Qxg5 24. Bxf5 h5 25. Bxg6 Qxg6 26. Rb7 Re4 27. b3 f5 28. Qf3 f4 29. Qd3 Qf5 30. Nd2 Re5 31. Qxf5 Rxf5 32. c4 Bg7 33. Ne4 Be5 34. Rd7 Rf7 35. Rxf7 Kxf7 36. g3 f3 37. Rxf3+ Kg6 38. Kg2 a5 39. Rf2 Rb8 40. Nd2 Rb4 41. Re2 Bc3 42. Re6+ Kg7 43. Ne4 Rxb3 44. Rxd6 a4 45. Ra6 a3 46. d6 Bf6 47. Ra7+ Kg6 48. d7 Be7 49. Ra8 Rd3 50. Nxc5 Rd2+ 51. Kf3 a2 52. Ne6 Rxd7 53. Rxa2 h4 54. gxh4 Bb4 1-0

[Event "FRA-ch op"]
[Site "Nimes"]
[Date "2014.08.25"]
[Round "8"]
[White "Quillien, Emmanuel"]
[Black "Youssoupov, Moisse"]
[Result "1-0"]
[WhiteElo "2159"]
[BlackElo "2150"]
[PlyCount "89"]
[EventDate "2014.08.17"]
[EventType "swiss"]
[EventRounds "11"]
[EventCountry "FRA"]
[SourceTitle "EXT 2015"]
[Source "ChessBase"]
[SourceDate "2014.11.20"]
[SourceVersion "1"]
[SourceVersionDate "2014.11.20"]
[SourceQuality "1"]

1. c4 b6 2. Nf3 c5 3. e3 Bb7 4. Be2 Nf6 5. 0-0 g6 6. b3 Bg7 7. Bb2 0-0 8. a3 Nc6 9. Qc2 Rc8 10. Rd1 Ba8 11. d3 d5 12. cxd5 Qxd5 13. Nbd2 Rfd8 14. Rac1 Qh5 15. Qb1 Qh6 16. b4 Nd7 17. Ne4 Bxb2 18. Qxb2 cxb4 19. axb4 Qg7 20. Qb3 Nf6 21. Nxf6+ Qxf6 22. d4 Bb7 23. d5 Ne5 24. e4 Rxc1 25. Rxc1 Qf4 26. Qe3 Nxf3+ 27. gxf3 Qxe3 28. fxe3 Rc8 29. Ra1 Ra8 30. b5 Kf8 31. Rc1 Rc8 32. Rxc8+ Bxc8 33. e5 Ke8 34. h4 Kd8 35. Kf2 Kc7 36. e4 h6 37. f4 h5 38. Ke3 Bh3 39. Kd4 Bg2 40. f5 Bh3 41. e6 fxe6 42. fxg6 exd5 43. exd5 Bf5 44. Bxh5 Kd6 45. g7 1-0

[Event "Saint Affrique op 22nd"]
[Site "Saint Affrique"]
[Date "2014.07.22"]
[Round "5"]
[White "Baudry, Remi"]
[Black "Youssoupov, Moisse"]
[Result "0-1"]
[WhiteElo "1770"]
[BlackElo "2169"]
[PlyCount "46"]
[EventDate "2014.07.19"]
[EventType "swiss"]
[EventRounds "9"]
[EventCountry "FRA"]
[SourceTitle "CBM 161 Extra"]
[Source "ChessBase"]
[SourceDate "2014.08.29"]
[SourceVersion "1"]
[SourceVersionDate "2014.08.29"]
[SourceQuality "1"]

1. d4 Nf6 2. Bg5 Ne4 3. h4 c5 4. dxc5 Na6 5. Qd4 Naxc5 6. Nc3 Nxc3 7. Qxc5 Ne4 8. Qd4 Nxg5 9. hxg5 Qa5+ 10. c3 Qxg5 11. Nf3 Qf6 12. Qd2 d6 13. e4 Bd7 14. 0-0-0 e5 15. Kb1 Bc6 16. Ng5 Be7 17. Nxh7 Rxh7 18. Rxh7 Bxe4+ 19. Bd3 Bxh7 20. Bxh7 g6 21. Qh6 0-0-0 22. f3 Kb8 23. Qh3 d5 0-1

[Event "Saint Affrique op 22nd"]
[Site "Saint Affrique"]
[Date "2014.07.21"]
[Round "3"]
[White "Flear, Glenn C"]
[Black "Youssoupov, Moisse"]
[Result "1-0"]
[WhiteElo "2464"]
[BlackElo "2169"]
[PlyCount "107"]
[EventDate "2014.07.19"]
[EventType "swiss"]
[EventRounds "9"]
[EventCountry "FRA"]
[SourceTitle "CBM 161 Extra"]
[Source "ChessBase"]
[SourceDate "2014.08.29"]
[SourceVersion "1"]
[SourceVersionDate "2014.08.29"]
[SourceQuality "1"]

1. d4 g6 2. e4 Bg7 3. c4 c5 4. d5 d6 5. Nc3 e6 6. Be2 a6 7. a4 Ne7 8. h4 h6 9. h5 g5 10. f4 gxf4 11. Bxf4 e5 12. Bd2 f5 13. Nf3 Nd7 14. Qc2 Nf6 15. 0-0-0 fxe4 16. Nxe4 Nxe4 17. Qxe4 Bf5 18. Qe3 Qd7 19. Qb3 Bh7 20. Nh4 Nf5 21. Bg4 0-0 22. Rdf1 Nd4 23. Bxd7 Nxb3+ 24. Kd1 Bd3 25. Be6+ Kh7 26. Bf5+ Rxf5 27. Nxf5 Rf8 28. Ne3 Bxf1 29. Rxf1 Rxf1+ 30. Nxf1 e4 31. Ng3 Bxb2 32. Nxe4 Nxd2 33. Kxd2 Be5 34. Ke2 Kg7 35. Kf3 Kf7 36. Kg4 Ke7 37. Kf5 b6 38. Kg6 Bf4 39. g4 Be3 40. g5 hxg5 41. Nxg5 Bd4 42. Kf5 Bf6 43. Ne6 Be5 44. h6 Kf7 45. Nc7 a5 46. Nb5 Ke7 47. Kg6 Kf8 48. Na7 Bh8 49. Nc8 b5 50. axb5 a4 51. b6 a3 52. b7 a2 53. b8Q a1N 54. Nb6+ 1-0

[Event "Saint Affrique op 20th"]
[Site "Saint Affrique"]
[Date "2012.07.23"]
[Round "4"]
[White "Flear, Glenn C"]
[Black "Youssoupov, Moisse"]
[Result "1-0"]
[WhiteElo "2476"]
[BlackElo "2133"]
[PlyCount "79"]
[EventDate "2012.07.21"]
[EventType "swiss"]
[EventRounds "9"]
[EventCountry "FRA"]
[SourceTitle "CBM 149 Extra"]
[Source "ChessBase"]
[SourceDate "2012.08.24"]
[SourceVersion "1"]
[SourceVersionDate "2012.08.24"]
[SourceQuality "1"]

1. d4 Nf6 2. c4 c5 3. d5 e6 4. Nc3 exd5 5. cxd5 d6 6. Nf3 a6 7. a4 g6 8. e4 Bg4 9. h3 Bxf3 10. Qxf3 Bg7 11. Be2 Qe7 12. 0-0 Nbd7 13. g4 0-0 14. g5 Ne8 15. Qg2 f5 16. gxf6 Nexf6 17. f4 Rae8 18. Bf3 c4 19. Be3 b5 20. axb5 axb5 21. Rfe1 Rb8 22. Ba7 Rb7 23. e5 Nxe5 24. fxe5 Rxa7 25. exf6 Qxf6 26. Rxa7 Qd4+ 27. Qf2 Qxf2+ 28. Kxf2 Bd4+ 29. Kg2 Bxa7 30. Nxb5 Bc5 31. Re2 Rb8 32. Nc3 Bd4 33. Rc2 Be5 34. Be2 Rb4 35. Nd1 Rb3 36. Bf3 Rb4 37. Ne3 Bxb2 38. Nxc4 Be5 39. Nxe5 dxe5 40. Re2 1-0

[Event "FRA-ch U20"]
[Site "Nimes"]
[Date "2012.04.15"]
[Round "3"]
[White "Velten, Paul"]
[Black "Youssoupov, Moisse"]
[Result "1-0"]
[WhiteElo "2310"]
[BlackElo "2119"]
[PlyCount "95"]
[EventDate "2012.04.14"]
[EventType "swiss"]
[EventRounds "9"]
[EventCountry "FRA"]
[SourceTitle "CBM 148 Extra"]
[Source "ChessBase"]
[SourceDate "2012.06.22"]
[SourceVersion "1"]
[SourceVersionDate "2012.06.22"]
[SourceQuality "1"]

1. d4 Nf6 2. Nf3 c5 3. dxc5 e6 4. Be3 Na6 5. Nc3 Nxc5 6. Qd4 Be7 7. g4 d6 8. g5 e5 9. Nxe5 dxe5 10. Qxd8+ Kxd8 11. gxf6 gxf6 12. 0-0-0+ Ke8 13. Nd5 Ne6 14. Bh3 Bd8 15. Rhg1 Nc7 16. Bg2 f5 17. f4 e4 18. Bh3 Be6 19. Bd4 Nxd5 20. Bxh8 Nxf4 21. Bf1 Ng6 22. Bd4 Bc7 23. h4 h5 24. e3 Rd8 25. Be2 b6 26. Bxh5 Nxh4 27. b3 Ke7 28. c4 f4 29. exf4 Bxf4+ 30. Kc2 Rd7 31. Rgf1 Bg5 32. c5 Nf5 33. Bg1 Rc7 34. b4 e3 35. Bh2 Rc8 36. Kd3 bxc5 37. Bg4 Rd8+ 38. Ke4 Rxd1 39. Rxd1 Nd4 40. Bxe6 e2 41. Rg1 Bh4 42. Bc4 e1Q+ 43. Rxe1 Bxe1 44. bxc5 Bf2 45. Bd6+ Ke8 46. Kd5 Kd7 47. c6+ Nxc6 48. Bb5 1-0

[Event "FRA-ch op-A"]
[Site "Belfort"]
[Date "2010.08.11"]
[Round "2"]
[White "Guignier, Nicolas"]
[Black "Youssoupov, Moisse"]
[Result "1/2-1/2"]
[WhiteElo "2107"]
[BlackElo "2004"]
[PlyCount "76"]
[EventDate "2010.08.09"]
[EventType "swiss"]
[EventRounds "11"]
[EventCountry "FRA"]
[SourceTitle "CBM 138 Extra"]
[Source "ChessBase"]
[SourceDate "2010.10.29"]
[SourceVersion "1"]
[SourceVersionDate "2010.10.29"]
[SourceQuality "1"]

1. e4 d5 2. exd5 Qxd5 3. Nc3 Qa5 4. d4 Nf6 5. Nf3 Bf5 6. Bc4 c6 7. Bd2 e6 8. Qe2 Bb4 9. a3 Nbd7 10. 0-0-0 Bxc3 11. Bxc3 Qc7 12. Ne5 b5 13. Bb3 Be4 14. Rhe1 0-0 15. Nxd7 Qxd7 16. d5 Bxd5 17. Bxf6 gxf6 18. Qh5 Kh8 19. Qh6 Qd8 20. Re3 Rg8 21. Rh3 Rg7 22. Rdd3 Qe7 23. Rh4 f5 24. Rdh3 Bxb3 25. f4 f6 26. cxb3 a5 27. Qh5 Ra7 28. Kb1 Qd7 29. Qe2 Qd5 30. Rd3 Rxg2 31. Qd1 Qe4 32. Ka2 a4 33. Rd8+ Rg8 34. bxa4 bxa4 35. Rd4 Qg2 36. Rd2 Qg1 37. Rd7 Rxd7 38. Qxd7 Qg6 1/2-1/2